Η εικαστική γλώσσα : έκφραση και επικοινωνία μέσα από τη φωτογραφία
Saved in:
| Main Author: | |
|---|---|
| Format: | Book |
| Language: | Greek |
| Published: |
Θεσσαλονίκη :
Κυριακίδης,
2012.
|
| Series: | Κοινωνία και εκπαίδευση ;
v.4 |
| Subjects: | |
| Tags: |
Add Tag
No Tags, Be the first to tag this record!
|
MARC
| LEADER | 00000cam a2200000 i 4500 | ||
|---|---|---|---|
| 001 | 1/54079 | ||
| 008 | 140828s2012 gr | ||| |||| ||gre|| | ||
| 020 | |a 9789604673346 | ||
| 035 | |l 10118784 | ||
| 040 | |a GR-MY-UA |b gre |e aacr | ||
| 041 | 0 | |a gre | |
| 082 | 7 | |a 771.4 |2 (23) | |
| 100 | 1 | |a Σιγούρος, Ιωάννης Λ. | |
| 245 | 1 | 2 | |a Η εικαστική γλώσσα : |b έκφραση και επικοινωνία μέσα από τη φωτογραφία / |c Γιάννης Σιγούρος. |
| 260 | |a Θεσσαλονίκη : |b Κυριακίδης, |c 2012. | ||
| 300 | |a 106 σ. : |b φωτ., εικ. ; |c 24 εκ. | ||
| 490 | 1 | |a (Κοινωνία και εκπαίδευση ; |v vol.4) | |
| 504 | |a Βιβλιογραφία: σ. [103]-106. | ||
| 650 | 0 | 0 | |a Photography. |
| 650 | 0 | 0 | |a Composition (Photography) |
| 650 | 0 | 0 | |a Visual perception. |
| 650 | 0 | 0 | |a Communication. |
| 650 | 0 | 0 | |a Photography, Artistic. |
| 830 | 0 | |a Κοινωνία και εκπαίδευση ; |v v.4 | |
| 852 | |a INST |b RHODES |e 20140828 |h 771.4 ΣΙΓ |p 005400036664 |q 005400036664 |t BK |y 0 | ||
| 901 | |a BIBL4-2014-2 | ||
| 909 | |a Ρ |b 183166 | ||
| 970 | |z 2014/08/28 | ||